000
00330 a2200145 4500
020
_a
N/S
040
_a
ULA-LD-MS
082
_a
72
_b
72
100
_9
1179
_a
JENCKS;Charles
245
_a
Movimentos Modernos em Arquitectura
260
_a
Lisboa
_b
Ediė̳s 70
_c
1985.
300
_a
369p
650
_a
Arquitectura
942
_c
Livros
999
_c
2351
_d
2351